000
00281nam a2200121Ia 4500
008
190216s9999||||xx |||||||||||||| ||und||
100
_a
Kumaranasan N
245
0
_a
Chandalabhikshuki
260
_b
Poorna Pubs Kozhikode
_c
1992
300
_a
71p
650
_a
Kavithkal
942
_c
BK
999
_c
24310
_d
24310